|
|
|
|
| LEADER |
00000cam a22000004a 4500 |
| 001 |
musev2_3236 |
| 003 |
MdBmJHUP |
| 005 |
20230905040416.0 |
| 006 |
m o d |
| 007 |
cr||||||||nn|n |
| 008 |
060328s2006 mdu o 00 0 eng d |
| 010 |
|
|
|z 2006010566
|
| 020 |
|
|
|a 9780801888878
|
| 020 |
|
|
|z 9780801888557
|
| 020 |
|
|
|z 9780801884542
|
| 035 |
|
|
|a (OCoLC)190703535
|
| 040 |
|
|
|a MdBmJHUP
|c MdBmJHUP
|
| 050 |
0 |
4 |
|a RA412.3
|b .M39 2006
|
| 082 |
0 |
|
|a 368.4/2600973
|2 22
|
| 100 |
1 |
|
|a Mayes, Rick,
|d 1969-
|
| 245 |
1 |
0 |
|a Medicare Prospective Payment and the Shaping of U.S. Health Care /
|c Rick Mayes and Robert A. Berenson.
|
| 264 |
|
1 |
|a Baltimore :
|b Johns Hopkins University Press,
|c 2006.
|
| 264 |
|
3 |
|a Baltimore, Md. :
|b Project MUSE,
|c 2012
|
| 264 |
|
4 |
|c ©2006.
|
| 300 |
|
|
|a 1 online resource (264 pages):
|b ill. ;
|
| 336 |
|
|
|a text
|b txt
|2 rdacontent
|
| 337 |
|
|
|a computer
|b c
|2 rdamedia
|
| 338 |
|
|
|a online resource
|b cr
|2 rdacarrier
|
| 504 |
|
|
|a Includes bibliographical references (p. [211]-235) and index.
|
| 505 |
0 |
|
|a Origins and policy gestation -- Development, growing appeal, and passage of prospective payment -- The phase-in years and beginning of "rough justice" for hospitals -- Medicare policy's subordination to budget policy, increased hospital cost shifting, and the rise of managed care -- The resource-based relative-value scale reforms for physician payment -- The calm before the storm -- The reckoning and reversal -- Conclusion : how medicare does and should shape U.S. health care.
|
| 588 |
|
|
|a Description based on print version record.
|
| 650 |
2 |
2 |
|a Managed Care Programs
|x economics
|z United States.
|
| 650 |
2 |
2 |
|a Health Policy
|z United States.
|
| 650 |
2 |
2 |
|a Costs and Cost Analysis
|z United States.
|
| 650 |
1 |
2 |
|a Prospective Payment System
|x economics
|z United States.
|
| 650 |
1 |
2 |
|a Medicare
|x economics.
|
| 650 |
|
0 |
|a Hospitals
|x Prospective payment
|z United States.
|
| 650 |
|
0 |
|a Medical care, Cost of
|z United States.
|
| 650 |
|
0 |
|a Medicare
|x Claims administration
|z United States.
|
| 650 |
|
0 |
|a Medicare.
|
| 655 |
|
7 |
|a Electronic books.
|2 local
|
| 700 |
1 |
|
|a Berenson, Robert A.
|
| 710 |
2 |
|
|a Project Muse.
|e distributor
|
| 830 |
|
0 |
|a Book collections on Project MUSE.
|
| 856 |
4 |
0 |
|z Texto completo
|u https://projectmuse.uam.elogim.com/book/3236/
|
| 945 |
|
|
|a Project MUSE - Custom Collection
|
| 945 |
|
|
|a Project MUSE - Archive Complete Foundation
|
| 945 |
|
|
|a Project MUSE - Archive Political Science and Policy Studies Foundation
|